| 000 | 00816nam a2200145 a 4500 | ||
|---|---|---|---|
| 008 | 120813s2011 ||||||||||||||||| || u | ||
| 050 | _aUNO-OCHA(058) | ||
| 110 | _aUnited Nations Office for the Coordination of Humanitarian Affairs (OCHA) | ||
| 245 | 1 | 0 |
_aAnnual report of the Secretary-General: international cooperation on humanitarian assistance in the field of natural disasters, from relief to development _cby the Office for the Coordination of Humanitarian Affairs [UNO-OCHA] |
| 260 |
_aGeneva: _bUNITED NATIONS _c2011 |
||
| 300 | _a26p. | ||
| 362 | 1 | _a<p>September 2011</p> | |
| 650 | _aUNITED NATIONS OFFICE FOR THE COORDINATION OF HUMANITARIAN AFFAIRS (OCHA) | ||
| 995 |
_FCBU-MAIN LIBRARY (Kitwe) _M1 _UAVAILABLE _WAug 16, 2012 _ZInternational Publications |
||
| 999 |
_c34444 _d34444 |
||